00547nam a22001815a 450000500170000000800410001701000170005802000230007503500170009803700210011504000170013608200080015310000190016124500920018026000370027230000350030970000210034420040816151637.0080826t xxu||||| |||| 00| 0 eng d aB-276606-635 a8177585142c499.00 aB-276606-635 a064/10.6.08bUBH aDPLbEnglish a000 aThorpe, Edgar  aThe Pearson guide to MBA entrance examinations /cby Edgar Thorpe [and] Showick Thorpe  aDelhi bPearson Education c2008 aVarious pagings c28 cm (pbk)  aThorpe, Showick